| 000 | 02027nam a2200301 i 4500 | ||
|---|---|---|---|
| 001 | 48713 | ||
| 003 | ES-MaACL | ||
| 005 | 20250120141320.0 | ||
| 007 | t| | ||
| 008 | 240202m18871910sp ||||1| spa d | ||
| 040 |
_aAS _bspa _cES-MaACL |
||
| 080 | _a(031) | ||
| 245 | 0 | 0 | _aDiccionario enciclopédico hispano-americano de literatura, ciencias y artes. |
| 250 | _aEdicion profusamente ilustrada. | ||
| 260 |
_aBarcelona : _bMontaner y Simón, _c1887-1910. |
||
| 300 |
_a25 v. : _bil. ; _c32 cm. |
||
| 500 | _aEl t. V en dos volúmenes. | ||
| 500 | _aLos tomos 24 y 25 son Apéndices Primeros; los tomos 26, 27 y 28 son Apéndices Segundos. | ||
| 505 | 8 | _aContiene: v. 1. A - ALL (1156 p.) -- v. 2. AM - AZ (1106 p.) -- v. 3. B - BYZ (1092 p.) -- v. 4. C - CEZ (1292 p.) -- v. 5. pte. 1. CIA - CONT (952 p.); pte. 2. CONT - CHUZÓN (1847 p.) -- v. 6. D - DZE (1023 p.) -- v. 7. E - EZZ (1247 p.) -- v. 8. F - FYT (875 p.) -- v. 9. G - GYUL (1010 p.) -- v. 10. H - IZUR (1166 p.) -- v. 11. J - LLUV (1293 p.) -- v. 12. M - MGLIN (1007 p.) -- v. 13. MI - ÑUP (1208 p.) -- v. 14. O - PENAS (1232 p.) -- v. 15. PENAT - POLVO (1004 p.) -- v. 16. POLVO - QVID (895 p.) -- v. 17. R - RZES (1080 p.) -- v. 18. S - SHUSH (1203 p.) -- v. 19. SI - SZTR (868) -- v. 20. T - TMOL (1122 p.) -- v. 21. TO - UZUM (987 p.) -- v. 22. V - VYT (876 p.) -- v. 23. W - ZYR (415 p.) -- v. 24. Apéndice A - G (1204 p.) -- v. 25. Apéndice H - Z (1240 p.) -- v. 26. Segundo apéndice A - D (1042 p.) -- v. 27. Segundo apéndice A - LL (1278 p.) -- v. 28. Segundo apéndice M - Z (1412 p.) | |
| 510 |
_aCCPB, _c000114637-8 |
||
| 650 |
_aEnciclopedias. _912235 |
||
| 852 |
_aES-MaACL _jC-14372-97 _eFaltan los tres últimos tomos de apéndices segundos _950565 _cFICH |
||
| 856 |
_uhttp://bdh-rd.bne.es/viewer.vm?id=0000165839&page=1 _yTexto completo _zBiblioteca Digital Hispánica |
||
| 942 | _cMONANT | ||
| 999 |
_c48713 _d48713 |
||